<?xml version="1.0" encoding="UTF-8"?>
<record
    xmlns:xsi="http://www.w3.org/2001/XMLSchema-instance"
    xsi:schemaLocation="http://www.loc.gov/MARC21/slim http://www.loc.gov/standards/marcxml/schema/MARC21slim.xsd"
    xmlns="http://www.loc.gov/MARC21/slim">

  <leader>01384nam a2200217 a 4500</leader>
  <controlfield tag="001">BRCA_8702</controlfield>
  <controlfield tag="005">20190320210354.0</controlfield>
  <controlfield tag="008">240117s1777----sp-#######---#000-0#spa-#</controlfield>
  <datafield tag="041" ind1=" " ind2=" ">
    <subfield code="a">spa</subfield>
  </datafield>
  <datafield tag="044" ind1=" " ind2=" ">
    <subfield code="a">sp</subfield>
  </datafield>
  <datafield tag="084" ind1=" " ind2=" ">
    <subfield code="a">BE45</subfield>
    <subfield code="b">.M36 1777</subfield>
  </datafield>
  <datafield tag="100" ind1="1" ind2=" ">
    <subfield code="a">Manterola, Lorenzo Agustin de</subfield>
    <subfield code="9">21683</subfield>
  </datafield>
  <datafield tag="245" ind1="1" ind2="0">
    <subfield code="a">Catecismo romano</subfield>
    <subfield code="b">compuesto por decreto del sagrado concilio tridentino para los p&#xE1;rrocos de toda la iglesia y publicado por San Pio V; traducido del lat&#xED;n al castellano, seg&#xFA;n el Decreto del mismo Sagrado Concilio.</subfield>
  </datafield>
  <datafield tag="260" ind1=" " ind2=" ">
    <subfield code="a">Pamplona</subfield>
    <subfield code="b">En la Imprenta de Benito de Coscoyuela</subfield>
    <subfield code="c">1777</subfield>
  </datafield>
  <datafield tag="300" ind1=" " ind2=" ">
    <subfield code="a">XXXX, 532 p. (t.1)</subfield>
    <subfield code="c">21.4 x 15 cm</subfield>
  </datafield>
  <datafield tag="500" ind1=" " ind2=" ">
    <subfield code="a">En portada: Al principio de cada tomo va su respectivo &#xED;ndice de cap&#xED;tulos, y n&#xFA;meros: y al final del segundo se hallar&#xE0;n otros dos bien copiosos, relativos a toda la obra: uno de todas las Dominicas, y algunas fiestas m&#xE1;s principales del a&#xF1;o, con remisiones &#xE0; este catecismo, para predicar por &#xE9;l: y otro de las cosas m&#xE1;s notables. Lease tambi&#xE9;n &#xE0; la frente de este primer Tomo el Breve de N. SS. Padre Clemente XIII., y el edicto del ilustr&#xED;simo se&#xF1;or Obispo de Pamplona</subfield>
  </datafield>
  <datafield tag="500" ind1=" " ind2=" ">
    <subfield code="a">Estado f&#xED;sico: presenta encuadernaci&#xF3;n en pergamino con lomo desprendido, algunas hojas manchadas y presencia del pez de plata</subfield>
  </datafield>
  <datafield tag="650" ind1="1" ind2="4">
    <subfield code="a">Catecismo</subfield>
    <subfield code="y">Obras anteriores a 1800</subfield>
    <subfield code="9">21684</subfield>
  </datafield>
  <datafield tag="902" ind1=" " ind2=" ">
    <subfield code="a">CFM</subfield>
  </datafield>
  <datafield tag="942" ind1=" " ind2=" ">
    <subfield code="2">lcc</subfield>
    <subfield code="c">B</subfield>
  </datafield>
  <datafield tag="999" ind1=" " ind2=" ">
    <subfield code="c">8355</subfield>
    <subfield code="d">8355</subfield>
  </datafield>
  <datafield tag="952" ind1=" " ind2=" ">
    <subfield code="0">0</subfield>
    <subfield code="1">0</subfield>
    <subfield code="2">lcc</subfield>
    <subfield code="4">0</subfield>
    <subfield code="7">0</subfield>
    <subfield code="8">CFM</subfield>
    <subfield code="a">BRCA</subfield>
    <subfield code="b">BRCA</subfield>
    <subfield code="d">2017-01-24</subfield>
    <subfield code="e">Donaci&#xF3;n</subfield>
    <subfield code="l">0</subfield>
    <subfield code="o">BE45 .M36 1777</subfield>
    <subfield code="p">CFM00042</subfield>
    <subfield code="r">2019-03-22 00:00:00</subfield>
    <subfield code="w">2019-03-22</subfield>
    <subfield code="y">B</subfield>
  </datafield>
</record>
